000 00518nam a22001817a 4500
003 OSt
005 20260226070708.0
008 260226b |||||||| |||| 00| 0 eng d
020 _a971-0408-11-9
040 _aDWCL-Main Lib
_cOC
082 _aFil. 516 G326 2006
100 _aTamayo, Cecil T, ...[ET.AL.]
245 _aGeneration XY III : geometry
260 _aQuezon City :
_bSushine Interlinks Pub.,
_cc2006.
300 _avii , 368 p. :
_bill. ;
_c26 cm.
650 _aGeometry.
942 _2ddc
_cBK-FIL
_mFil.
_n0
999 _c8578
_d8578